000 00637nam a2200133Ia 4500
008 171212s9999 xx 000 0 und d
020 _a9780833049322
100 _aCliff, Roger;Fei, John;Hagen, Jeff;Hague, Elizabeth;Heginbotham, Eric
245 _cCliff, Roger;Fei, John;Hagen, Jeff;Hague, Elizabeth;Heginbotham, Eric
_aShaking the Heavens and Splitting the Earth
_bChinese Air Force Employment Concepts in the 21st Century
260 _bRAND Corporation
_c2011
650 _aChina. Zhongguo ren min jie fang jun. Kong jun.; Air forces -- China; Air power -- China
650 _aHistory
856 _uwww.jstor.org/stable/10.7249/mg915af
999 _c352535
_d352535